<?xml version="1.0" encoding="UTF-8"?>
<collection xmlns="http://www.loc.gov/MARC21/slim">
 <record>
  <leader>02145cam a2200529   4500</leader>
  <controlfield tag="001">038959755</controlfield>
  <controlfield tag="003">DE-627</controlfield>
  <controlfield tag="005">20240329195547.0</controlfield>
  <controlfield tag="007">tu</controlfield>
  <controlfield tag="008">950731s1974    gw |||||      00| ||ger c</controlfield>
  <datafield tag="015" ind1=" " ind2=" ">
   <subfield code="a">74,A11,0718</subfield>
   <subfield code="2">dnb</subfield>
  </datafield>
  <datafield tag="020" ind1=" " ind2=" ">
   <subfield code="a">3110039443</subfield>
   <subfield code="9">3-11-003944-3</subfield>
  </datafield>
  <datafield tag="035" ind1=" " ind2=" ">
   <subfield code="a">(DE-627)038959755</subfield>
  </datafield>
  <datafield tag="035" ind1=" " ind2=" ">
   <subfield code="a">(DE-576)029309379</subfield>
  </datafield>
  <datafield tag="035" ind1=" " ind2=" ">
   <subfield code="a">(DE-599)GBV038959755</subfield>
  </datafield>
  <datafield tag="035" ind1=" " ind2=" ">
   <subfield code="a">(OCoLC)921164</subfield>
  </datafield>
  <datafield tag="035" ind1=" " ind2=" ">
   <subfield code="a">(OCoLC)00921164</subfield>
  </datafield>
  <datafield tag="035" ind1=" " ind2=" ">
   <subfield code="a">(OCoLC)263188884</subfield>
  </datafield>
  <datafield tag="040" ind1=" " ind2=" ">
   <subfield code="a">DE-627</subfield>
   <subfield code="b">ger</subfield>
   <subfield code="c">DE-627</subfield>
   <subfield code="e">rakwb</subfield>
  </datafield>
  <datafield tag="041" ind1=" " ind2=" ">
   <subfield code="a">ger</subfield>
  </datafield>
  <datafield tag="044" ind1=" " ind2=" ">
   <subfield code="c">XA-DE</subfield>
   <subfield code="c">XD-US</subfield>
  </datafield>
  <datafield tag="082" ind1="0" ind2=" ">
   <subfield code="a">704/.948/55</subfield>
  </datafield>
  <datafield tag="084" ind1=" " ind2=" ">
   <subfield code="a">12a</subfield>
   <subfield code="2">sdnb</subfield>
  </datafield>
  <datafield tag="084" ind1=" " ind2=" ">
   <subfield code="a">9,10</subfield>
   <subfield code="2">ssgn</subfield>
  </datafield>
  <datafield tag="084" ind1=" " ind2=" ">
   <subfield code="a">LI 57745</subfield>
   <subfield code="2">rvk</subfield>
   <subfield code="0">(DE-625)rvk/96609:</subfield>
  </datafield>
  <datafield tag="100" ind1="1" ind2=" ">
   <subfield code="a">Clasen, Karl Heinz</subfield>
   <subfield code="d">1893-1979</subfield>
   <subfield code="0">(DE-588)118676318</subfield>
   <subfield code="0">(DE-627)079459714</subfield>
   <subfield code="0">(DE-576)160586674</subfield>
   <subfield code="4">aut</subfield>
  </datafield>
  <datafield tag="245" ind1="1" ind2="4">
   <subfield code="a">Der Meister der Schönen Madonnen</subfield>
   <subfield code="b">Herkunft, Entfaltung und Umkreis</subfield>
   <subfield code="c">Karl Heinz Clasen</subfield>
  </datafield>
  <datafield tag="264" ind1=" " ind2="1">
   <subfield code="a">Berlin</subfield>
   <subfield code="a">New York</subfield>
   <subfield code="b">De Gruyter</subfield>
   <subfield code="c">1974</subfield>
  </datafield>
  <datafield tag="300" ind1=" " ind2=" ">
   <subfield code="a">XII, 219, [264] S.</subfield>
   <subfield code="b">überw. Ill.</subfield>
   <subfield code="c">32 cm</subfield>
  </datafield>
  <datafield tag="336" ind1=" " ind2=" ">
   <subfield code="a">Text</subfield>
   <subfield code="b">txt</subfield>
   <subfield code="2">rdacontent</subfield>
  </datafield>
  <datafield tag="337" ind1=" " ind2=" ">
   <subfield code="a">ohne Hilfsmittel zu benutzen</subfield>
   <subfield code="b">n</subfield>
   <subfield code="2">rdamedia</subfield>
  </datafield>
  <datafield tag="338" ind1=" " ind2=" ">
   <subfield code="a">Band</subfield>
   <subfield code="b">nc</subfield>
   <subfield code="2">rdacarrier</subfield>
  </datafield>
  <datafield tag="500" ind1=" " ind2=" ">
   <subfield code="a">Literaturverz. S. 189 - 199</subfield>
  </datafield>
  <datafield tag="583" ind1="1" ind2=" ">
   <subfield code="a">Archivierung/Langzeitarchivierung gewährleistet</subfield>
   <subfield code="f">SSG</subfield>
   <subfield code="x">XA-DE-BW</subfield>
   <subfield code="2">pdager</subfield>
   <subfield code="5">DE-16</subfield>
  </datafield>
  <datafield tag="650" ind1=" " ind2="4">
   <subfield code="a">Maria / i. d. Bildenden Kunst / Geschichte</subfield>
  </datafield>
  <datafield tag="655" ind1=" " ind2="7">
   <subfield code="a">Bildband</subfield>
   <subfield code="0">(DE-588)4145395-5</subfield>
   <subfield code="0">(DE-627)104450835</subfield>
   <subfield code="0">(DE-576)209741139</subfield>
   <subfield code="2">gnd-content</subfield>
  </datafield>
  <datafield tag="689" ind1="0" ind2="0">
   <subfield code="d">s</subfield>
   <subfield code="0">(DE-588)4074563-6</subfield>
   <subfield code="0">(DE-627)106089110</subfield>
   <subfield code="0">(DE-576)20919443X</subfield>
   <subfield code="a">Mariendarstellung</subfield>
   <subfield code="2">gnd</subfield>
  </datafield>
  <datafield tag="689" ind1="0" ind2="1">
   <subfield code="a">z</subfield>
   <subfield code="2">gnd</subfield>
   <subfield code="a">Geschichte</subfield>
  </datafield>
  <datafield tag="689" ind1="0" ind2=" ">
   <subfield code="5">(DE-627)</subfield>
  </datafield>
  <datafield tag="787" ind1="0" ind2="8">
   <subfield code="i">Rezensiert in</subfield>
   <subfield code="a">Suckale, Robert, 1943 - 2020</subfield>
   <subfield code="t">[Rezension von: Karl-Heinz Clasen, Der Meister der Schönen Madonnen]</subfield>
   <subfield code="d">1976</subfield>
   <subfield code="w">(DE-627)185348444X</subfield>
  </datafield>
  <datafield tag="935" ind1=" " ind2=" ">
   <subfield code="i">Blocktest</subfield>
  </datafield>
  <datafield tag="936" ind1="r" ind2="v">
   <subfield code="a">LI 57745</subfield>
   <subfield code="b">Meister der schönen Madonnen</subfield>
   <subfield code="k">Kunstgeschichte</subfield>
   <subfield code="k">Künstler-Monografien</subfield>
   <subfield code="k">Alphabetische Künstlerliste</subfield>
   <subfield code="k">Künstler M</subfield>
   <subfield code="k">Meister der schönen Madonnen</subfield>
   <subfield code="0">(DE-627)1271135876</subfield>
   <subfield code="0">(DE-625)rvk/96609:</subfield>
   <subfield code="0">(DE-576)201135876</subfield>
  </datafield>
  <datafield tag="951" ind1=" " ind2=" ">
   <subfield code="a">BO</subfield>
  </datafield>
  <datafield tag="990" ind1=" " ind2=" ">
   <subfield code="a">Mariendarstellung</subfield>
  </datafield>
  <datafield tag="990" ind1=" " ind2=" ">
   <subfield code="a">Geschichte</subfield>
  </datafield>
  <datafield tag="991" ind1=" " ind2=" ">
   <subfield code="a">Rezensiertes Werk</subfield>
  </datafield>
  <datafield tag="999" ind1=" " ind2=" ">
   <subfield code="a">KXP-PPN038959755</subfield>
   <subfield code="e">4370352681</subfield>
  </datafield>
 </record>
</collection>
